[Event "Madrid ch 2017-2018 Veteranos"]
[Site "Madrid ESP"]
[Date "2018.01.11"]
[Round "4.26"]
[White "Bellagamba, Pascal"]
[Black "Infante Martin, Alonso"]
[Result "1-0"]
[WhiteElo "1596"]
[BlackElo "1345"]
[PlyCount "79"]
[EventDate "2018.01.08"]
[EventType "swiss"]
[EventRounds "9"]
[EventCountry "ESP"]
[SourceTitle "Ajedrez en Madrid"]
[Source "lmi"]
[SourceDate "2018.01.08"]
[SourceVersion "1"]
[SourceVersionDate "2018.01.25"]
[SourceQuality "1"]

1. Nf3 Nf6 2. b3 d6 3. Bb2 e5 4. d3 Be7 5. h3 Nc6 6. g3 b6 7. Bg2 Bb7 8. Nbd2
Rb8 9. e4 Bc8 10. Nc4 b5 11. Ne3 g6 12. Qd2 a5 13. a4 b4 14. O-O h6 15. Nc4 g5
16. g4 Be6 17. Ne3 Ng8 18. Rfe1 h5 19. Nf5 hxg4 20. hxg4 Bf6 21. Bc1 Kd7 22.
Nxg5 Nce7 23. Nf3 Ng6 24. Qe2 N8e7 25. g5 Bxf5 26. exf5 e4 27. gxf6 Nxf5 28.
Qxe4 Qxf6 29. Bg5 Qe6 30. Qxe6+ fxe6 31. Re2 Rbe8 32. Rae1 e5 33. Re4 Re6 34.
d4 d5 35. Nxe5+ Nxe5 36. Rxe5 Rhe8 37. Rxd5+ Nd6 38. Rxe6 Rxe6 39. Bh3 c6 40.
Re5 1-0

[Event "Madrid ch 2017-2018 Veteranos"]
[Site "Madrid ESP"]
[Date "2018.01.11"]
[Round "4.27"]
[White "Perez Gonzalez, Eugenio"]
[Black "Sierra Garcia, Ricardo"]
[Result "1/2-1/2"]
[WhiteElo "1518"]
[BlackElo "1343"]
[PlyCount "104"]
[EventDate "2018.01.08"]
[EventType "swiss"]
[EventRounds "9"]
[EventCountry "ESP"]
[SourceTitle "Ajedrez en Madrid"]
[Source "lmi"]
[SourceDate "2018.01.08"]
[SourceVersion "1"]
[SourceVersionDate "2018.01.25"]
[SourceQuality "1"]

1. e4 c5 2. c4 d6 3. Nc3 Nf6 4. d3 e5 5. Be2 Be7 6. Nf3 O-O 7. O-O Bg4 8. h3
Bd7 9. a3 Nc6 10. Re1 Ne8 11. Nd5 Be6 12. Nxe7+ Nxe7 13. b4 f5 14. Ng5 Bf7 15.
Nxf7 Rxf7 16. Bg5 f4 17. f3 Nf6 18. bxc5 dxc5 19. Bh4 Ng6 20. Bf2 Rc8 21. Qb3
Rc6 22. a4 Rb6 23. Qa3 Nd7 24. Rab1 Rxb1 25. Rxb1 b6 26. Be1 Rf6 27. a5 Nb8 28.
Rb3 Nc6 29. Qb2 Qd4+ 30. Qxd4 Nxd4 31. Rb2 Ne7 32. Bd1 Nc8 33. Ba4 Rg6 34. Kh2
h5 35. Bd7 Ne7 36. Ba4 Rd6 37. Be8 Ng6 38. Bxg6 Rxg6 39. axb6 Rxb6 40. Ra2 Nc6
41. Bf2 Rb3 42. Rd2 Nb4 43. Bxc5 Rxd3 44. Rxd3 Nxd3 45. Bxa7 Nb4 46. c5 Nc6 47.
Bb6 Kf7 48. g3 Ke6 49. gxf4 Ke7 50. Kg2 Nb8 51. Kg3 Kd7 52. Ba5 Kc6 1/2-1/2

[Event "Madrid ch 2017-2018 Veteranos"]
[Site "Madrid ESP"]
[Date "2018.01.11"]
[Round "4.28"]
[White "Ghavami, Mahmoud"]
[Black "Martin Rodriguez, Jose Luis"]
[Result "1-0"]
[WhiteElo "1516"]
[BlackElo "1302"]
[PlyCount "97"]
[EventDate "2018.01.08"]
[EventType "swiss"]
[EventRounds "9"]
[EventCountry "ESP"]
[SourceTitle "Ajedrez en Madrid"]
[Source "lmi"]
[SourceDate "2018.01.08"]
[SourceVersion "1"]
[SourceVersionDate "2018.01.25"]
[SourceQuality "1"]

1. b3 d5 2. Bb2 Nf6 3. e3 Nbd7 4. Nf3 b6 5. d4 a5 6. Bd3 Ba6 7. O-O Ne4 8. Nbd2
Bxd3 9. cxd3 Ndf6 10. dxe4 dxe4 11. Nxe4 Nxe4 12. Qd3 Qd5 13. Ba3 e6 14. Bxf8
Kxf8 15. Rfd1 Ke7 16. Rac1 Rac8 17. Nd2 Nxd2 18. Rxd2 f5 19. Rdc2 Qd7 20. Rc6
Rhd8 21. Qc4 f4 22. Rxc7 Rxc7 23. Qxc7 Qxc7 24. Rxc7+ Rd7 25. Rc4 Rd6 26. Rc7+
Rd7 27. Rc8 Rd8 28. Rxd8 Kxd8 29. exf4 Kd7 30. Kf1 Kd6 31. Ke2 Kd5 32. Ke3 b5
33. g4 a4 34. h4 Kd6 35. Ke4 g6 36. f5 exf5+ 37. gxf5 gxf5+ 38. Kxf5 Kd5 39. h5
Kxd4 40. Kg5 Ke5 41. Kh6 Kf6 42. Kxh7 Kf7 43. f4 Kf8 44. Kg6 Kg8 45. f5 axb3
46. axb3 b4 47. h6 Kh8 48. Kf7 Kh7 49. Ke7 1-0

[Event "Madrid ch 2017-2018 Veteranos"]
[Site "Madrid ESP"]
[Date "2018.01.11"]
[Round "4.29"]
[White "Abad Martin-Camuñas, Luis"]
[Black "Prieto Gonzalez, Cesar"]
[Result "0-1"]
[WhiteElo "1408"]
[BlackElo "1515"]
[PlyCount "62"]
[EventDate "2018.01.08"]
[EventType "swiss"]
[EventRounds "9"]
[EventCountry "ESP"]
[SourceTitle "Ajedrez en Madrid"]
[Source "lmi"]
[SourceDate "2018.01.08"]
[SourceVersion "1"]
[SourceVersionDate "2018.01.25"]
[SourceQuality "1"]

1. c4 Nf6 2. Nc3 g6 3. g3 Bg7 4. Bg2 d6 5. d4 O-O 6. Nf3 Na6 7. O-O c5 8. e3
cxd4 9. Nxd4 Nc5 10. b4 Ne6 11. Bb2 Qc7 12. Qe2 Nxd4 13. exd4 Be6 14. d5 Bf5
15. Ne4 Nxe4 16. Bxg7 Kxg7 17. Bxe4 Bxe4 18. Qxe4 Rfe8 19. Qd4+ Kg8 20. Rac1
Qd7 21. a3 Qa4 22. Qd3 Rac8 23. c5 dxc5 24. bxc5 Qa5 25. c6 bxc6 26. dxc6 Rc7
27. Rfd1 Rec8 28. Qf3 Qa4 29. Rd7 Rxd7 30. cxd7 Rxc1+ 31. Kg2 Qxd7 0-1

[Event "Madrid ch 2017-2018 Veteranos"]
[Site "Madrid ESP"]
[Date "2018.01.12"]
[Round "5.1"]
[White "Pastor Alonso De Prado, Alberto"]
[Black "Elissalt Cardenas, Hector"]
[Result "0-1"]
[WhiteElo "2190"]
[BlackElo "2346"]
[PlyCount "38"]
[EventDate "2018.01.08"]
[EventType "swiss"]
[EventRounds "9"]
[EventCountry "ESP"]
[SourceTitle "Ajedrez en Madrid"]
[Source "lmi"]
[SourceDate "2018.01.08"]
[SourceVersion "1"]
[SourceVersionDate "2018.01.25"]
[SourceQuality "1"]

1. e4 d6 2. d4 Nf6 3. Nc3 e5 4. Nf3 Nbd7 5. Bc4 Be7 6. a4 O-O 7. O-O c6 8. h3
h6 9. Qe2 Qc7 10. Rd1 Re8 11. Ba2 Nf8 12. Qc4 Ne6 13. d5 cxd5 14. Nxd5 Nxd5 15.
Qxd5 Bd7 16. Nxe5 dxe5 17. Qxd7 Rad8 18. Bxe6 Rxd7 19. Rxd7 Qc6 0-1

[Event "Madrid ch 2017-2018 Veteranos"]
[Site "Madrid ESP"]
[Date "2018.01.12"]
[Round "5.2"]
[White "Lopez de Turiso, Jose Angel"]
[Black "Casares Ripoll, Fernando"]
[Result "1/2-1/2"]
[WhiteElo "2020"]
[BlackElo "2110"]
[PlyCount "57"]
[EventDate "2018.01.08"]
[EventType "swiss"]
[EventRounds "9"]
[EventCountry "ESP"]
[SourceTitle "Ajedrez en Madrid"]
[Source "lmi"]
[SourceDate "2018.01.08"]
[SourceVersion "1"]
[SourceVersionDate "2018.01.25"]
[SourceQuality "1"]

1. d4 f5 2. c4 Nf6 3. Nc3 e6 4. Nf3 Be7 5. Bg5 Ne4 6. Bxe7 Qxe7 7. Qc2 d5 8.
cxd5 Nxc3 9. Qxc3 exd5 10. Ne5 c6 11. e3 Nd7 12. Nxd7 Bxd7 13. Bd3 O-O 14.
O-O-O a5 15. Qc2 c5 16. dxc5 Rfc8 17. Kb1 Rxc5 18. Qe2 Rac8 19. Rc1 Be6 20. Qd2
Qd6 21. Rxc5 Rxc5 22. Be2 f4 23. g3 Bf5+ 24. Bd3 Qg6 25. Rd1 fxg3 26. fxg3
Bxd3+ 27. Qxd3 Qxd3+ 28. Rxd3 Kf7 29. Rd4 1/2-1/2

[Event "Madrid ch 2017-2018 Veteranos"]
[Site "Madrid ESP"]
[Date "2018.01.12"]
[Round "5.3"]
[White "Nuñez Muñoz, Jesus"]
[Black "Camarero Izquierdo, Juan Carlos"]
[Result "1-0"]
[WhiteElo "2182"]
[BlackElo "1868"]
[PlyCount "45"]
[EventDate "2018.01.08"]
[EventType "swiss"]
[EventRounds "9"]
[EventCountry "ESP"]
[SourceTitle "Ajedrez en Madrid"]
[Source "lmi"]
[SourceDate "2018.01.08"]
[SourceVersion "1"]
[SourceVersionDate "2018.01.25"]
[SourceQuality "1"]

1. e4 c5 2. Nf3 d6 3. d4 cxd4 4. Nxd4 Nf6 5. Nc3 a6 6. f4 Nbd7 7. Be2 e6 8. O-O
Be7 9. Bf3 Qc7 10. Kh1 O-O 11. Qe2 Rb8 12. a4 b6 13. e5 Nd5 14. Bxd5 exd5 15.
Nxd5 Qd8 16. Nc6 Qe8 17. Nc7 Nxe5 18. Nxe8 Nxc6 19. Nc7 Bd8 20. Nd5 Bf5 21. c3
Bh4 22. Qh5 Bd3 23. Be3 1-0

[Event "Madrid ch 2017-2018 Veteranos"]
[Site "Madrid ESP"]
[Date "2018.01.12"]
[Round "5.4"]
[White "Sanchez Garcia, Aurelio"]
[Black "Minguela Muñoz, Bienvenido"]
[Result "1-0"]
[WhiteElo "2091"]
[BlackElo "1819"]
[PlyCount "75"]
[EventDate "2018.01.08"]
[EventType "swiss"]
[EventRounds "9"]
[EventCountry "ESP"]
[SourceTitle "Ajedrez en Madrid"]
[Source "lmi"]
[SourceDate "2018.01.08"]
[SourceVersion "1"]
[SourceVersionDate "2018.01.25"]
[SourceQuality "1"]

1. Nf3 Nf6 2. c4 g6 3. b4 Bg7 4. Bb2 O-O 5. g3 d6 6. Bg2 e5 7. d3 Nbd7 8. O-O
Re8 9. Nbd2 h6 10. Qc2 c6 11. a4 Nf8 12. c5 dxc5 13. bxc5 Nd5 14. Nc4 f6 15.
Nd6 Re7 16. e4 Nc7 17. d4 Kh7 18. dxe5 fxe5 19. Rfd1 Nfe6 20. Nf5 Rd7 21. Nxg7
Nxg7 22. Nxe5 Rxd1+ 23. Rxd1 Qe7 24. Qc3 Be6 25. Nc4 Bxc4 26. Qxc4 Nce6 27. Rd6
Rd8 28. Qd3 Nxc5 29. Rxd8 Nxd3 30. Rxd3 Qb4 31. Bf6 Qe1+ 32. Bf1 Qxe4 33. Rd7
Kg8 34. Rxg7+ Kf8 35. Rxb7 Qxa4 36. Bg7+ Ke8 37. Bxh6 c5 38. Bb5+ 1-0

[Event "Madrid ch 2017-2018 Veteranos"]
[Site "Madrid ESP"]
[Date "2018.01.12"]
[Round "5.5"]
[White "Sotoca Aguado, Jose"]
[Black "Gonzalez Rivera, Eduardo"]
[Result "0-1"]
[WhiteElo "1852"]
[BlackElo "2014"]
[PlyCount "80"]
[EventDate "2018.01.08"]
[EventType "swiss"]
[EventRounds "9"]
[EventCountry "ESP"]
[SourceTitle "Ajedrez en Madrid"]
[Source "lmi"]
[SourceDate "2018.01.08"]
[SourceVersion "1"]
[SourceVersionDate "2018.01.25"]
[SourceQuality "1"]

1. e4 e5 2. Nf3 Nc6 3. Bb5 a6 4. Ba4 Nf6 5. O-O Nxe4 6. d4 b5 7. Bb3 d5 8. dxe5
Be6 9. c3 Bc5 10. Qe2 O-O 11. Be3 Ne7 12. Bxc5 Nxc5 13. Bc2 Bf5 14. Nd4 Bxc2
15. Qxc2 Ne6 16. f4 c5 17. Ne2 f5 18. Nd2 d4 19. cxd4 Nxd4 20. Nxd4 Qxd4+ 21.
Kh1 c4 22. Rad1 Rad8 23. Nb1 Qc5 24. Rde1 Nc6 25. a3 Nd4 26. Qf2 Ne6 27. g3 Rd3
28. Qxc5 Nxc5 29. Kg2 Rfd8 30. g4 g6 31. gxf5 gxf5 32. e6 Ne4 33. Nc3 Nxc3 34.
bxc3 Rxc3 35. e7 Re8 36. Re5 Rd3 37. Rfe1 Rd7 38. Kh3 c3 39. Kh4 c2 40. Rc5 Rd1
0-1

[Event "Madrid ch 2017-2018 Veteranos"]
[Site "Madrid ESP"]
[Date "2018.01.12"]
[Round "5.6"]
[White "Lorenzo Bailador, Alfredo"]
[Black "Osuna Osuna, Francisco"]
[Result "1-0"]
[WhiteElo "2011"]
[BlackElo "1537"]
[PlyCount "87"]
[EventDate "2018.01.08"]
[EventType "swiss"]
[EventRounds "9"]
[EventCountry "ESP"]
[SourceTitle "Ajedrez en Madrid"]
[Source "lmi"]
[SourceDate "2018.01.08"]
[SourceVersion "1"]
[SourceVersionDate "2018.01.25"]
[SourceQuality "1"]

1. e4 d5 2. exd5 Qxd5 3. Nc3 Qa5 4. d4 Nf6 5. Nf3 Bf5 6. Ne5 c6 7. Bd3 Bxd3 8.
Qxd3 e6 9. Bf4 Nbd7 10. O-O-O Nxe5 11. dxe5 Nd5 12. Nxd5 cxd5 13. Kb1 g6 14. h4
Qc7 15. h5 Qc4 16. Qxc4 dxc4 17. Be3 Be7 18. a4 a6 19. Bb6 Bd8 20. Be3 b5 21.
Rh3 g5 22. h6 Rf8 23. Rg3 f6 24. exf6 Bxf6 25. Bxg5 Bxg5 26. Rxg5 Rxf2 27. Rg8+
Rf8 28. Rg7 Rf7 29. Rg8+ Rf8 30. Rxf8+ Kxf8 31. Rd7 Kg8 32. Re7 Rf8 33. Rxe6
Rf1+ 34. Ka2 Rf2 35. Rxa6 Rxc2 36. Kb1 Rxg2 37. axb5 Rg3 38. Ra8+ Kf7 39. Ra7+
Ke8 40. Rxh7 Rb3 41. Rc7 Rxb5 42. h7 Kd8 43. Ra7 Rh5 44. h8=Q+ 1-0

[Event "Madrid ch 2017-2018 Veteranos"]
[Site "Madrid ESP"]
[Date "2018.01.12"]
[Round "5.7"]
[White "Viñas Lopez, Carlos"]
[Black "Garcia Galeote, Lorenzo"]
[Result "1/2-1/2"]
[WhiteElo "1884"]
[BlackElo "1971"]
[PlyCount "32"]
[EventDate "2018.01.08"]
[EventType "swiss"]
[EventRounds "9"]
[EventCountry "ESP"]
[SourceTitle "Ajedrez en Madrid"]
[Source "lmi"]
[SourceDate "2018.01.08"]
[SourceVersion "1"]
[SourceVersionDate "2018.01.25"]
[SourceQuality "1"]

1. d4 g6 2. c4 Bg7 3. Nc3 d6 4. e4 Nc6 5. Be3 e5 6. Nge2 exd4 7. Nxd4 Nxd4 8.
Bxd4 Nf6 9. Be2 O-O 10. O-O Re8 11. f3 a6 12. Qd2 Be6 13. Rfd1 Nd7 14. Bxg7
Kxg7 15. Nd5 Bxd5 16. cxd5 Qf6 1/2-1/2

[Event "Madrid ch 2017-2018 Veteranos"]
[Site "Madrid ESP"]
[Date "2018.01.12"]
[Round "5.8"]
[White "Hernandez Gutierrez, Jose"]
[Black "Martin Martin, Luis Vicente"]
[Result "0-1"]
[WhiteElo "1803"]
[BlackElo "1946"]
[PlyCount "58"]
[EventDate "2018.01.08"]
[EventType "swiss"]
[EventRounds "9"]
[EventCountry "ESP"]
[SourceTitle "Ajedrez en Madrid"]
[Source "lmi"]
[SourceDate "2018.01.08"]
[SourceVersion "1"]
[SourceVersionDate "2018.01.25"]
[SourceQuality "1"]

1. d4 d5 2. c4 c6 3. Nf3 Nf6 4. e3 Bf5 5. Nc3 e6 6. Nh4 Be4 7. f3 Bg6 8. Qb3
Qc7 9. Bd2 Nbd7 10. Rc1 Qb6 11. c5 Qc7 12. Qa4 Be7 13. b4 Ne4 14. Nxe4 Bxh4+
15. Nf2 e5 16. Be2 exd4 17. exd4 O-O 18. O-O Bf6 19. Bc3 Bg5 20. Rcd1 Rfe8 21.
Rde1 Bf4 22. h3 Nf6 23. Bd3 Be3 24. Bxg6 hxg6 25. Qd1 Nh5 26. Qd3 Qg3 27. Qxe3
Rxe3 28. Ne4 Qf4 29. Bd2 Rxe1 0-1

[Event "Madrid ch 2017-2018 Veteranos"]
[Site "Madrid ESP"]
[Date "2018.01.12"]
[Round "5.9"]
[White "De la Orden Alcocer, Alejandro"]
[Black "Marcos Herrero, Francisco"]
[Result "0-1"]
[WhiteElo "2042"]
[BlackElo "1876"]
[PlyCount "128"]
[EventDate "2018.01.08"]
[EventType "swiss"]
[EventRounds "9"]
[EventCountry "ESP"]
[SourceTitle "Ajedrez en Madrid"]
[Source "lmi"]
[SourceDate "2018.01.08"]
[SourceVersion "1"]
[SourceVersionDate "2018.01.25"]
[SourceQuality "1"]

1. d4 d5 2. Nf3 Nf6 3. Bf4 c5 4. c3 Qb6 5. Qc2 Nc6 6. e3 Bg4 7. Nbd2 Rc8 8. h3
Bh5 9. dxc5 Qxc5 10. Qa4 e6 11. Ne5 Be7 12. Bd3 O-O 13. O-O a6 14. Ndf3 Bxf3
15. Nxc6 Qxc6 16. Qxc6 Rxc6 17. gxf3 Rfc8 18. Be5 Nd7 19. Bg3 b5 20. Rad1 Nc5
21. Bc2 Bf6 22. a3 Nd7 23. Bb1 Nb6 24. Rd2 h5 25. Rfd1 Nc4 26. Re2 a5 27. e4
Rd8 28. exd5 Rc5 29. Ba2 Rcxd5 30. Rxd5 Rxd5 31. Kg2 g5 32. Bc7 a4 33. f4 Rc5
34. fxg5 Bxg5 35. Bb8 Kg7 36. Ba7 Rc6 37. Bd4+ f6 38. b3 axb3 39. Bxb3 e5 40.
Be3 Nxe3+ 41. fxe3 Rxc3 42. Rb2 Bxe3 43. Bd1 h4 44. Rxb5 Rxa3 45. Rb3 Ra1 46.
Rd3 Bf4 47. Kf3 f5 48. Rd7+ Kf6 49. Bb3 Ra3 50. Rb7 Bg3 51. Ke3 Ra6 52. Rf7+
Kg6 53. Re7 Rd6 54. Re6+ Rxe6 55. Bxe6 Kf6 56. Bd5 Ke7 57. Kf3 Kd6 58. Ba8 Kc5
59. Bb7 Kd4 60. Ba8 e4+ 61. Ke2 f4 62. Bb7 f3+ 63. Kf1 Kd3 64. Bc6 Ke3 0-1

[Event "Madrid ch 2017-2018 Veteranos"]
[Site "Madrid ESP"]
[Date "2018.01.12"]
[Round "5.10"]
[White "Alvarez Abejon, Amilcar"]
[Black "Serrano Garcia, Vicente"]
[Result "1-0"]
[WhiteElo "1926"]
[BlackElo "1817"]
[PlyCount "77"]
[EventDate "2018.01.08"]
[EventType "swiss"]
[EventRounds "9"]
[EventCountry "ESP"]
[SourceTitle "Ajedrez en Madrid"]
[Source "lmi"]
[SourceDate "2018.01.08"]
[SourceVersion "1"]
[SourceVersionDate "2018.01.25"]
[SourceQuality "1"]

1. e4 d6 2. d4 Nf6 3. Nc3 g6 4. f4 Bg7 5. a3 O-O 6. Nf3 Bg4 7. Bd3 e5 8. fxe5
dxe5 9. d5 c6 10. h3 Bxf3 11. Qxf3 cxd5 12. Bg5 Qb6 13. Bxf6 Qxf6 14. Qxf6 Bxf6
15. Nxd5 Bd8 16. O-O-O Nc6 17. Bc4 Nd4 18. c3 Rc8 19. Ba2 Ne2+ 20. Kb1 Nf4 21.
Nxf4 exf4 22. Rd7 Bc7 23. Rhd1 Rcd8 24. Kc2 Rc8 25. Rxf7 Rxf7 26. Rd7 Rcf8 27.
Rxc7 Kg7 28. Rxf7+ Rxf7 29. Bxf7 Kxf7 30. c4 Ke6 31. b4 g5 32. c5 h5 33. Kd3 g4
34. hxg4 hxg4 35. b5 Ke5 36. a4 Ke6 37. a5 a6 38. c6 bxc6 39. bxa6 1-0

[Event "Madrid ch 2017-2018 Veteranos"]
[Site "Madrid ESP"]
[Date "2018.01.12"]
[Round "5.11"]
[White "Garcia Martin, Esteban"]
[Black "Losada Gonzalez, Andres"]
[Result "1-0"]
[WhiteElo "1886"]
[BlackElo "1807"]
[PlyCount "113"]
[EventDate "2018.01.08"]
[EventType "swiss"]
[EventRounds "9"]
[EventCountry "ESP"]
[SourceTitle "Ajedrez en Madrid"]
[Source "lmi"]
[SourceDate "2018.01.08"]
[SourceVersion "1"]
[SourceVersionDate "2018.01.25"]
[SourceQuality "1"]

1. c4 e5 2. Nc3 g6 3. g3 Bg7 4. Bg2 d6 5. e4 Nf6 6. Nge2 c6 7. O-O Be6 8. d3
Qd7 9. Rb1 Na6 10. b4 Bh3 11. Qc2 h5 12. f4 h4 13. f5 hxg3 14. Nxg3 Ng4 15. Qd1
Nxh2 16. Bxh3 Rxh3 17. Rf2 O-O-O 18. Rxh2 Rxh2 19. Kxh2 Rh8+ 20. Kg2 Qe7 21.
Qg4 Rh4 22. f6+ Rxg4 23. fxe7 Kd7 24. Kh3 Rf4 25. Kg2 Rh4 26. Be3 Bf6 27. b5
Nc7 28. bxc6+ bxc6 29. Rb7 Bxe7 30. Rxa7 Kc8 31. Bb6 Bd8 32. Be3 Kb8 33. Ra3
Ne6 34. Nce2 Bf6 35. Rb3+ Kc7 36. a4 Rh8 37. a5 Ra8 38. Bb6+ Kd7 39. Ra3 Bd8
40. Bxd8 Nxd8 41. Nc1 Ne6 42. Nge2 f5 43. exf5 gxf5 44. a6 Kc7 45. Ng3 Nd4 46.
Nce2 Nxe2 47. Nxe2 Kb6 48. a7 Rxa7 49. Rxa7 Kxa7 50. Ng3 Kb6 51. Nxf5 Kc5 52.
Kf3 d5 53. cxd5 Kxd5 54. Ke3 c5 55. Ne7+ Ke6 56. Nc6 Kd5 57. Na5 1-0

[Event "Madrid ch 2017-2018 Veteranos"]
[Site "Madrid ESP"]
[Date "2018.01.12"]
[Round "5.12"]
[White "Perez Gonzalez, Jesus Miguel"]
[Black "Quintero Torres, Pedro"]
[Result "0-1"]
[WhiteElo "1626"]
[BlackElo "1966"]
[PlyCount "108"]
[EventDate "2018.01.08"]
[EventType "swiss"]
[EventRounds "9"]
[EventCountry "ESP"]
[SourceTitle "Ajedrez en Madrid"]
[Source "lmi"]
[SourceDate "2018.01.08"]
[SourceVersion "1"]
[SourceVersionDate "2018.01.25"]
[SourceQuality "1"]

1. c4 c6 2. Nc3 d5 3. cxd5 cxd5 4. d4 Nc6 5. Nf3 Nf6 6. g3 g6 7. Bg2 Bg7 8. O-O
O-O 9. Re1 Bf5 10. Nh4 Bg4 11. h3 Be6 12. Nf3 Ne4 13. e3 Nxc3 14. bxc3 h6 15.
e4 dxe4 16. Rxe4 Bd5 17. Re1 Qa5 18. Bd2 Bc4 19. Qc1 Kh7 20. Be3 Rac8 21. Nd2
Bd5 22. Nb3 Qd8 23. Bf1 Na5 24. Qb2 Nc4 25. Bxc4 Bxc4 26. Nd2 Be6 27. Kh2 Qd7
28. h4 Bd5 29. Rac1 b5 30. Nb3 a6 31. Nc5 Qc6 32. Bf4 Rfe8 33. Nd3 Bc4 34. Nb4
Qb7 35. Nc2 Qf3 36. Ne3 Be6 37. Qe2 Qxe2 38. Rxe2 Bxd4 39. Rec2 Bf6 40. f3 g5
41. Ng2 gxf4 42. Nxf4 Bf5 43. Re2 e6 44. Re3 Kg8 45. Nh5 Bh8 46. g4 Bg6 47. Nf4
Bh7 48. g5 hxg5 49. hxg5 Rc4 50. Nh3 Bf5 51. Nf2 Bd4 52. Re2 Bxf2 53. Rxf2 Rec8
54. Kg2 Rxc3 0-1

[Event "Madrid ch 2017-2018 Veteranos"]
[Site "Madrid ESP"]
[Date "2018.01.12"]
[Round "5.13"]
[White "Lopez Heras, Arturo"]
[Black "Martinez Miura, Enrique"]
[Result "1-0"]
[WhiteElo "1859"]
[BlackElo "1637"]
[PlyCount "99"]
[EventDate "2018.01.08"]
[EventType "swiss"]
[EventRounds "9"]
[EventCountry "ESP"]
[SourceTitle "Ajedrez en Madrid"]
[Source "lmi"]
[SourceDate "2018.01.08"]
[SourceVersion "1"]
[SourceVersionDate "2018.01.25"]
[SourceQuality "1"]

1. d4 e6 2. c4 d5 3. Nc3 Nf6 4. Bg5 Be7 5. e3 O-O 6. Nf3 c6 7. cxd5 exd5 8. Bd3
Nbd7 9. O-O Nh5 10. Bxe7 Qxe7 11. Qc2 Nhf6 12. Rae1 Qd6 13. e4 dxe4 14. Nxe4
Nxe4 15. Rxe4 Nf6 16. Rh4 h6 17. Ne5 Be6 18. a3 Rac8 19. Qd2 c5 20. Re1 cxd4
21. Rxd4 Qc7 22. h3 Rfd8 23. Rf4 Rd5 24. Qe3 Qc5 25. Qe2 Rd4 26. Rf3 a5 27. Bb1
Qd6 28. Qe3 Rd5 29. Nd3 Rd4 30. Nf4 Bd7 31. Ne2 Rd1 32. Nc3 Rxe1+ 33. Qxe1 Re8
34. Re3 Be6 35. Qe2 Qc6 36. Qc2 g6 37. Qd2 Kh7 38. Qd4 Bd7 39. Rxe8 Nxe8 40.
Be4 Qc7 41. Qd5 Bc6 42. Qd4 Bxe4 43. Nxe4 Qc1+ 44. Kh2 Qf4+ 45. Kg1 Qc1+ 46.
Kh2 Qf4+ 47. g3 Qf3 48. Qe5 f5 49. Qe7+ Ng7 50. Nf6+ 1-0

[Event "Madrid ch 2017-2018 Veteranos"]
[Site "Madrid ESP"]
[Date "2018.01.12"]
[Round "5.14"]
[White "De Luna Butz, Alberto"]
[Black "Martinez Pintor, Juan"]
[Result "1-0"]
[WhiteElo "1810"]
[BlackElo "1661"]
[PlyCount "57"]
[EventDate "2018.01.08"]
[EventType "swiss"]
[EventRounds "9"]
[EventCountry "ESP"]
[SourceTitle "Ajedrez en Madrid"]
[Source "lmi"]
[SourceDate "2018.01.08"]
[SourceVersion "1"]
[SourceVersionDate "2018.01.25"]
[SourceQuality "1"]

1. Nf3 d5 2. c4 c6 3. b3 Bf5 4. Bb2 Nd7 5. g3 Ngf6 6. Bg2 e6 7. d3 dxc4 8. bxc4
h6 9. O-O Be7 10. e4 Bg6 11. e5 Nh7 12. d4 Nb6 13. Qb3 O-O 14. Rd1 Qc7 15. Nc3
Rfd8 16. Rac1 Ng5 17. Nh4 Bh5 18. Rd2 c5 19. Nb5 Qb8 20. f4 Nh7 21. Nf3 a6 22.
Nd6 Bxd6 23. Qxb6 Qc7 24. Qxc7 Bxc7 25. d5 exd5 26. cxd5 b5 27. h3 Rac8 28. g4
Bg6 29. f5 1-0

[Event "Madrid ch 2017-2018 Veteranos"]
[Site "Madrid ESP"]
[Date "2018.01.12"]
[Round "5.15"]
[White "Ramos Antona, Enrique"]
[Black "Cruz Gonzalez, Antonio"]
[Result "0-1"]
[WhiteElo "1608"]
[BlackElo "1766"]
[PlyCount "104"]
[EventDate "2018.01.08"]
[EventType "swiss"]
[EventRounds "9"]
[EventCountry "ESP"]
[SourceTitle "Ajedrez en Madrid"]
[Source "lmi"]
[SourceDate "2018.01.08"]
[SourceVersion "1"]
[SourceVersionDate "2018.01.25"]
[SourceQuality "1"]

1. d4 Nf6 2. c4 g6 3. Nc3 Bg7 4. e4 d6 5. Be2 O-O 6. Bg5 h6 7. Be3 Nbd7 8. Nf3
Ng4 9. Bf4 e5 10. Bg3 f5 11. h3 f4 12. Bh4 Ngf6 13. Bxf6 Bxf6 14. Nd5 Bg7 15.
Qd3 c6 16. Nc3 Qe7 17. O-O-O Kh7 18. g3 fxg3 19. fxg3 exd4 20. Nxd4 Nc5 21. Qc2
Qg5+ 22. Kb1 Qxg3 23. Rhg1 Qe5 24. Nf3 Qe7 25. h4 Bxc3 26. bxc3 Qxe4 27. Rxd6
Qxc2+ 28. Kxc2 Bf5+ 29. Kb2 Rae8 30. Nd4 Ne4 31. Nxf5 Nxd6 32. Nxd6 Rxe2+ 33.
Kb3 Re6 34. Rd1 Rd8 35. c5 b6 36. Kc4 Re4+ 37. Rd4 Rxd4+ 38. cxd4 Kg7 39. a4
Kf6 40. d5 cxd5+ 41. Kxd5 bxc5 42. Kxc5 Rxd6 43. Kxd6 g5 44. hxg5+ hxg5 45. Kc6
g4 46. Kb7 g3 47. Kxa7 g2 48. a5 g1=Q+ 49. Kb7 Qb1+ 50. Ka7 Ke7 51. a6 Kd7 52.
Ka8 Kc7 0-1

[Event "Madrid ch 2017-2018 Veteranos"]
[Site "Madrid ESP"]
[Date "2018.01.12"]
[Round "5.16"]
[White "Rodriguez Bernal, Herman"]
[Black "De Los Rios Camacho, Juan Antoni"]
[Result "1-0"]
[WhiteElo "1744"]
[BlackElo "1624"]
[PlyCount "100"]
[EventDate "2018.01.08"]
[EventType "swiss"]
[EventRounds "9"]
[EventCountry "ESP"]
[SourceTitle "Ajedrez en Madrid"]
[Source "lmi"]
[SourceDate "2018.01.08"]
[SourceVersion "1"]
[SourceVersionDate "2018.01.25"]
[SourceQuality "1"]

1. d4 Nf6 2. Bf4 d6 3. Nf3 Nbd7 4. e3 Nh5 5. Bg5 h6 6. Bh4 g5 7. Bg3 Bg7 8. Be2
Nxg3 9. hxg3 c6 10. Nbd2 Qc7 11. c3 e5 12. Qc2 d5 13. dxe5 Nxe5 14. Nxe5 Qxe5
15. Nf3 Bf5 16. Bd3 Bxd3 17. Qxd3 Qe4 18. Qxe4+ dxe4 19. Nd2 f5 20. g4 fxg4 21.
Nxe4 O-O-O 22. Rd1 Rxd1+ 23. Kxd1 Kd7 24. Ke2 Ke7 25. Rd1 Rd8 26. Rxd8 Kxd8 27.
Nc5 Kc8 28. Kd3 Bf6 29. Ke4 b6 30. Kf5 Be7 31. Ne4 Kd7 32. Kxg4 Ke6 33. Kh5 Bf8
34. Kg6 Kd5 35. Nd2 b5 36. Kf7 Bd6 37. Kg7 h5 38. Kg6 Be7 39. Kxh5 a5 40. f4
gxf4 41. exf4 c5 42. g4 c4 43. g5 Ke6 44. Kg6 Bd6 45. f5+ Ke7 46. f6+ Kf8 47.
Kf5 Bc5 48. Ne4 Be3 49. Nd6 b4 50. cxb4 axb4 1-0